Estadios 1ª y 2ª División España 24/25 - Estadísticas

Estadísticas generales
  • Esta prueba ha sido intentada 352 veces
  • La puntuación promedio es 30 de 42
Estadísticas de respuestas
Hint Respuesta % Correcto
Barcelona Camp Nou
98%
Atletico de Madrid Riyadh Air Metropolitano
98%
Real Betis Benito Villamarin
96%
Athletic Club San Mames
96%
Real Madrid Santiago Bernabeu
96%
Valencia Mestalla
92%
Celta de Vigo ABANCA Balaidos
91%
Sevilla Ramon Sanchez Pizjuan
91%
Villarreal La Ceramica
90%
Rayo Vallecano Vallecas
89%
Alaves Mendizorroza
88%
Girona Montilivi
87%
Getafe Coliseum
86%
Leganes Butarque
84%
Osasuna El Sadar
84%
Espanyol RCDE Stadium
84%
Malaga La Rosaleda
82%
Mallorca Son Moix
82%
Real Valladolid Jose Zorrilla
80%
Real Zaragoza La Romareda
78%
Deportivo La Coruña Riazor
78%
Las Palmas Estadio de Gran Canaria
77%
Racing Club de Santander El Sardinero
76%
Real Sporting El Molinon
74%
Real Sociedad Reale Arena
74%
Eibar Ipurua
71%
Real Oviedo Carlos Tartiere
69%
Granada Nuevo Los Carmenes
69%
Cadiz Nuevo Mirandilla
63%
Cartagena Cartagonova
59%
Levante Ciutat de Valencia
59%
Elche Martinez Valero
55%
Albacete Carlos Belmonte
51%
Burgos El Plantio
51%
Cordoba Nuevo Arcangel
50%
Tenerife Heliodoro Rodriguez Lopez
48%
Castellon SkyFi Castalia
47%
Mirandes Anduva
44%
Huesca El Alcoraz
44%
Racing Ferrol A Malata
41%
Eldense Nuevo Pepico Amat
32%
Almeria UD Almeria Stadium
29%
No se encontraron pruebas coincidentes
Distribución de puntuación
Porcentaje de gente con cada puntuación
Porcentaje por número respondido
Historial de tus puntuaciones
No has intentado esta prueba.